000 00600nam a2200217 i 4500
001 bg
100 1 _aEGGERT, Helmut
245 0 _aStahlbaubormen - angepaßt /
_cHelmut Eggert.
260 _aBerlin :
_bErnst & Sohn,
_ccop.1999.
300 _a271 s. :
_brys., wykr. ;
_c24 cm.
490 1 _aBauingenieur - Praxis
650 9 _aKonstrukcje stalowe
_xnormalizacja
_zNiemcy
830 _aBauingenieur - Praxis
020 _a3433017956
040 _cBPK
041 0 _ade
080 _a624.014(430)(083.74)
920 _a3-433-01795-6
942 _cKS
008 s pl f |000 0 pol
999 _c36007
_d36007
856 _uhttp://koha.tu.koszalin.pl/cgi-bin/koha/opac-detail.pl?biblionumber=36007
_yKatalog online BPK